| 000 | 00932nam a2200253 a 4500 | ||
|---|---|---|---|
| 001 | 000048447 | ||
| 005 | 20240314191552.0 | ||
| 008 | 140226s2014 dr 000 0 spa d | ||
| 040 |
_aDO-SdBNP _bspa _cBNPHU |
||
| 082 |
_axxxx _bxxxx |
||
| 245 | 0 | 0 |
_aReflexiones jurídicas / _cJulio César Matos, Wilfredo Mora...[et al] ; prólogo José Andres Aybar Sánchez. |
| 260 |
_aSanto Domingo : _bEdiciones Unicaribe, _c2014. |
||
| 300 |
_a47 P : ; _c23 cm. |
||
| 590 | _aInventariado, 2019/ YL | ||
| 700 | 1 | 2 |
_aMatos, Julio César _975861 |
| 700 | 1 | 2 |
_aMora, Wilfredo, _d1965- _912701 |
| 700 | 1 | 2 |
_avólquez Nova, José _975862 |
| 700 | 1 | 2 |
_aMilton Ray Guevara _d1948- _978143 |
| 700 | 1 | 2 |
_aReynoso, Yenni Berenice _975863 |
| 700 | 1 | 2 |
_aRodríguez Cabrera, Miguel Antonio _954876 |
| 700 | 1 | 2 |
_aTerrero, Jaime Caonabo _975864 |
| 700 | 1 | 2 |
_aAybar Sánchez, José Andres _eprol. _918786 |
| 710 | 2 | 2 |
_aUniversidad del Caribe (UNICARIBE) _959912 |
| 999 |
_c47935 _d47935 |
||